|
|
|
|
| LEADER |
00519nam a22001217a 4500 |
| 082 |
|
|
|a 579
|b RAJ.M
|
| 100 |
|
|
|a Rajendran, P
|a Gunasekharan, P
|
| 245 |
|
|
|a Microbial and bio remediation
|
| 260 |
|
|
|a Chennai
|b MJP publishers
|c 2006
|
| 942 |
|
|
|c BK
|
| 999 |
|
|
|c 14958
|d 14958
|
| 952 |
|
|
|0 0
|1 0
|4 0
|6 579_000000000000000_RAJ_M
|7 0
|9 17229
|a CAMPUS
|b CAMPUS
|d 2017-08-07
|l 0
|o 579 RAJ.M
|p 12022
|r 2017-08-07
|w 2017-08-07
|y BK
|
| 952 |
|
|
|0 0
|1 0
|4 0
|6 579_000000000000000_RAJ_M_1
|7 0
|9 17230
|a CAMPUS
|b CAMPUS
|d 2017-08-07
|l 0
|o 579 RAJ.M.1
|p 12528
|r 2017-08-07
|w 2019-07-15
|y BK
|